<?xml version="1.0" encoding="UTF-8"?>
<collection xmlns="http://www.loc.gov/MARC21/slim">
  <record>
    <leader>00000nam  2200000   4500</leader>
    <controlfield tag="001">INLIS000000000044804</controlfield>
    <controlfield tag="005">20131008110723</controlfield>
    <controlfield tag="008">***********************************Ind**</controlfield>
    <datafield tag="035" ind1="#" ind2="#">
      <subfield code="0">010-101300000002726</subfield>
    </datafield>
    <datafield tag="041" ind1="#" ind2="#">
      <subfield code="a">Ind</subfield>
    </datafield>
    <datafield tag="082" ind1="#" ind2="#">
      <subfield code="a">005.5</subfield>
    </datafield>
    <datafield tag="090" ind1="#" ind2="#">
      <subfield code="a">005.5, Ent s</subfield>
    </datafield>
    <datafield tag="100" ind1="#" ind2="#">
      <subfield code="a">Enterprise, Jubilee</subfield>
    </datafield>
    <datafield tag="245" ind1="#" ind2="#">
      <subfield code="a">Seri Penuntun Visual DreamweaverCS3, Jubilee Enterprise</subfield>
    </datafield>
    <datafield tag="260" ind1="#" ind2="#">
      <subfield code="a">2007</subfield>
      <subfield code="b">Jakarta</subfield>
    </datafield>
    <datafield tag="300" ind1="#" ind2="#">
      <subfield code="a">Xii,213 Hlm., 21 Cm</subfield>
    </datafield>
    <datafield tag="650" ind1="#" ind2="#">
      <subfield code="a">Dreamweaver CS3-Program Komputer</subfield>
    </datafield>
  </record>
</collection>
